Datum a čas kvízu

14 Celkem bodů Celkový počet nahraných bodů na tomto kvízu bez doplňovacích otázek.
7. Pořadí na kvízu Konečné umístění týmu na tomto kvízu.

Zaznamenané odpovědi

# Otázka Odpověď Body Výsledky
1. "Po ___ společných letech plný... třiceti 1
2. Parlament jednoho evropského s... Spojené království (Velká Británie) 1
3. Devětadvacetiletý Nigerijec Tu... hrál šachy 0
4. České vývojářské studio Warhor... Kingdom Come: Deliverance 0
5. Americké atletky nebyly při př... Nike 0
6. Bolívie má, stejně jako několi... Sucre; La Paz 0
7. Které evropské hlavní město se... Oslo 0
8. Nyní vám dáme na výběr, zda si... Windhoek; Manila 0
9. Které malebné a nepříliš lidna... Lublaň 0
10. Kazachstán drží rekord v přejm... Astana; Nur-Sultan 0